000
00310nam a22001337a 4500
008
190129b xxu||||| |||| 00| 0 eng d
020
_a
0155511041
041
_a
eng
080
_2
3rd
_a
821
100
_a
21
101
_a
GJL
245
_a
Literature Structure, Sound, and Sense
_c
Perrine,L
942
_2
udc
_c
BK
999
_c
53815
_d
53815